000 00324nam a2200133Ia 4500
008 191201s2017 xx 000 0 und d
082 _a616.002 HAT
100 _aHossain, A.S.T.M
245 0 _aText book of Medicine
260 _bAITBS
_aNew Delhi
_c2017
300 _a717
650 _aMedicinal Chemistry
942 _2ddc
_cBK
999 _c8400
_d8400